000 00333nam a2200121 i 4500
001 bg
245 0 _aPublikacje pracowników Wyższej Szkoły Inżynierskiej w Koszalinie.
_nT. 3,
_p1984-1985 bibliografia.
260 _aKoszalin,
_c1987.
040 _cBPK
041 _apol
942 _cKS
008 s pl f |000 0 pol
999 _c23978
_d23978
856 _uhttp://koha.tu.koszalin.pl/cgi-bin/koha/opac-detail.pl?biblionumber=23978
_yKatalog online BPK